Statistiques concernant Géographie par lettre - V

Cliquez ici pour prendre le quiz!

Statistiques générales

  • Ce quiz a été pris 8,023 fois
  • Le résultat moyen est 14 sur 20

Statistiques - réponses

allusion réponse % Correct
Pays sud-américainVenezuela
98%
Le plus petit pays du mondeVatican
94%
Palais de Louis XIVVersailles
93%
Où vous pourriez trouver une gondoleVenise
92%
Volcan qui a détruit PompéiVésuve
90%
Hanoi est sa capitaleViêt Nam
90%
Ville de Freud et MozartVienne
89%
Le plus grand constructeur
automobile allemand
Volkswagen
86%
Capitale de la LituanieVilnius
84%
Marque de scooter italienVespa
81%
Région et ville d'EspagneValence
71%
Etat américain où sont nés 8 présidentsVirginie
67%
Le plus grand lac d'AfriqueVictoria
64%
Le plus long fleuve d'EuropeVolga
64%
Instrument de musique sud-africain de footballvuvuzela
57%
La plus grande ville de la
Colombie-Britannique
Vancouver
57%
Commune dans la métropole de LyonVilleurbanne
53%
La plus grande ville russe du PacifiqueVladivostok
49%
Pâte à tartiner australienne à base
d'extrait de levure
vegemite
17%
Ville sainte hindoue appelée
précédemment Bénarès
Varanasi
10%

Distribution des résultats

Percentile par nombre de réponses

% des personnes avec chaque résultat

Votre développement - résultats

Vous n’avez pas pris ce quiz